000
00290nam a2200121Ia 4500
008
190216s9999||||xx |||||||||||||| ||und||
100
_a
Lawrence A Appley
245
0
_a
Management In Action
260
_b
Allied Publishers Limited
_c
1956
300
_a
382p
650
_a
Commerce
942
_c
BK
999
_c
4679
_d
4679